TITOLARI DI OGNI SQUADRA DI SERIE A - Statistics

Statistiche generali
  • Questo quiz è stato fatto 442 volte
  • Il punteggio medio è 104 su 239
Statistiche sulle risposte
RUOLO GIOCATORE NAZIONE SQUADRA % Corretto
POR CARNESECCHI ITALIA ATALANTA
88%
ATT LOOKMAN NIGERIA ATALANTA
83%
TD ZAPPA ITALIA CAGLIARI
80%
POR MARTINEZ SPAGNA GENOA
78%
ATT MARTINEZ ARGENTINA INTER
78%
TS BASTONI ITALIA EMPOLI
75%
DC BASTONI ITALIA INTER
75%
CC DE ROON OLANDA ATALANTA
75%
AD ORSOLINI ITALIA BOLOGNA
75%
CC EDERSON BRASILE ATALANTA
74%
POR SKORUPSKI POLONIA BOLOGNA
74%
ATT THURAM FRANCIA INTER
74%
ATT VLAHOVIC SERBIA JUVE
74%
CC BARELLA ITALIA INTER
73%
DC BREMER BRASILE JUVE
73%
DC DJIMSITI ALBANIA ATALANTA
73%
CC MCKENNIE USA JUVE
72%
TD ZAPPACOSTA ITALIA ATALANTA
71%
COC KOOPMEINERS OLANDA ATALANTA
70%
POR MAIGNAN FRANCIA MILAN
70%
TS SOMMER SVIZZERA INTER
70%
CC CALHANOGLU TURCHIA INTER
69%
DC DANILO BRASILE JUVE
69%
COC DE KETELAERE BELGIO ATALANTA
69%
TD DUMFRIES OLANDA INTER
69%
DC SCALVINI ITALIA ATALANTA
69%
ATT ZIRKZEE OLANDA BOLOGNA
69%
DC GATTI ITALIA JUVE
68%
DC KOLASINAC BOSNIA ATALANTA
68%
AS LEAO PORTOGALLO MILAN
68%
DC ACERBI ITALIA INTER
67%
CC LOCATELLI ITALIA JUVE
67%
DC DIMARCO ITALIA INTER
66%
TS HERNANDEZ FRANCIA MILAN
66%
COC DYBALA ARGENTINA ROMA
65%
COC FERGUSON SCOZIA BOLOGNA
65%
CC FREULER SVIZZERA BOLOGNA
65%
ATT IMMOBILE ITALIA LAZIO
65%
AD KVARA GEORGIA NAPOLI
65%
ATT LUKAKU BELGIO ROMA
65%
ATT OSIMHEN NIGERIA NAPOLI
65%
DC PAVARD FRANCIA INTER
65%
POR PROVEDEL ITALIA LAZIO
65%
DC TOMORI INGHILTERRA MILAN
65%
ATT CHIESA ITALIA JUVE
64%
TD DI LORENZO ITALIA NAPOLI
64%
ATT GIROUD FRANCIA MILAN
64%
CC RABIOT FRANCIA JUVE
64%
TS RUI PORTOGALLO NAPOLI
64%
POR SZCZESNY POLONIA JUVE
64%
POR MERET ITALIA NAPOLI
63%
AD PULISIC USA MILAN
63%
CC ANGUISSA CAMERUN NAPOLI
62%
TD CALABRIA ITALIA MILAN
62%
TD CAMBIASO ITALIA JUVE
62%
TS KOSTIC SERBIA JUVE
62%
COC PELLEGRINI ITALIA ROMA
61%
DC ROMAGNOLI ITALIA FROSINONE
61%
DC ROMAGNOLI ITALIA LAZIO
61%
TS RUGGERI ITALIA ATALANTA
61%
DC CALAFIORI ITALIA BOLOGNA
60%
DC KJAER DANIMARCA MILAN
60%
CC LOBOTKA SLOVACCHIA NAPOLI
60%
AS ZACCAGNI ITALIA LAZIO
60%
COC ZIELINSKI POLONIA NAPOLI
60%
DC GILA SPAGNA LAZIO
59%
DC MANCINI ITALIA ROMA
59%
ALL MOTTA ITALIA BOLOGNA
59%
AS POLITANO ITALIA NAPOLI
59%
AD SOULE ARGENTINA FROSINONE
59%
CC BENNACER ALGERIA MILAN
58%
POR PATRICIO PORTOGALLO ROMA
58%
CC MKHITARYAN ARMENIA INTER
57%
POR TERRACCIANO ITALIA FIORENTINA
57%
AD BERARDI ITALIA SASSUOLO
56%
CC LOFTUS-CHEEK INGHILTERRA MILAN
56%
TS MARUSIC MONTENEGRO LAZIO
56%
CC REIJNDERS OLANDA MILAN
56%
DC MILENKOVIC SERBIA FIORENTINA
55%
TD POSCH AUSTRIA BOLOGNA
55%
DC RRAHMANI KOSOVO NAPOLI
55%
DC SMALLING INGHILTERRA ROMA
55%
AD ANDERSON BRASILE LAZIO
54%
POR DI GREGORIO ITALIA MONZA
54%
CC PAREDES ARGENTINA ROMA
54%
AD GONZALEZ ARGENTINA FIORENTINA
53%
POR OCHOA MESSICO SALERNITANA
53%
POR SCUFFET ITALIA CAGLIARI
53%
DC BEUKEMA OLANDA BOLOGNA
52%
CC GUENDOUZI FRANCIA LAZIO
52%
DC QUARTA ARGENTINA FIORENTINA
52%
TS BIRAGHI ITALIA FIORENTINA
51%
POR FALCONE ITALIA LECCE
51%
ATT ZAPATA COLOMBIA TORINO
51%
ALL ALLEGRI ITALIA JUVE
50%
ATT BELTRAN ARGENTINA FIORENTINA
50%
POR CAPRILE ITALIA EMPOLI
50%
ALL INZAGHI ITALIA INTER
50%
DC MARI SPAGNA MONZA
50%
ATT PINAMONTI ITALIA SASSUOLO
50%
ATT RETEGUI ITALIA GENOA
50%
POR TURATI ITALIA FROSINONE
50%
ATT ZITO ANGOLA CAGLIARI
50%
CC CRISTANTE ITALIA ROMA
49%
ATT KRSTOVIC MONTENEGRO LECCE
49%
TD LAZZARI ITALIA LZAIO
49%
AS MOTA PORTOGALLO MONZA
49%
CC ALBERTO SPAGNA LAZIO
48%
DC BASCHIROTTO ITALIA LECCE
48%
CC DUNCAN GHANA FIORENTINA
48%
ALL GASPERINI ITALIA ATALANTA
48%
POR MILINKOVIC-SAVIC SERBIA TORINO
48%
TS ANGELINO SPAGNA ROMA
47%
ALL PIOLI ITALIA MILAN
47%
POR CONSIGLI ITALIA SASSUOLO
46%
AS IKONE FRANCIA FIORENTINA
46%
TD BELLANOVA ITALIA TORINO
45%
ATT DIA SENEGAL SALERNITANA
45%
AS SAELEMAEKERS BELGIO BOLOGNA
45%
COC GUDMUNDSSON ISLANDA GENOA
44%
ALL ITALIANO ITALIA FIORENTINA
44%
DC LUPERTO ITALIA EMPOLI
44%
ATT SANABRIA PARAGUAY TORINO
44%
ALL SARRI ITALIA LAZIO
44%
CC CATALDI ITALIA LAZIO
43%
TD KARSDORP OLANDA ROMA
43%
AS LAURIENTE FRANCIA SASSUOLO
43%
DC NATAN BRASILIANO NAPOLI
43%
CC FABBIAN ITALIA BOLOGNA
42%
CC PESSINA ITALIA MONZA
42%
AD GYASI GHANA EMPOLI
41%
ALL RANIERI ITALIA CAGLIARI
41%
ATT COLOMBO ITALIA MONZA
40%
TS GALLO ITALIA LECCE
40%
ATT LUCCA ITALIA UDINESE
40%
DC BUONGIORNO ITALIA TORINO
39%
TS VASQUEZ MESSICO GENOA
39%
AS BANDA ZAMBIA LECCE
38%
COC BONAVENTURA ITALIA FIORENTINA
38%
AD COLPANI ITALIA MONZA
38%
ALL DE ROSSI ITALIA ROMA
38%
ED NANDEZ URUGUAY CAGLIARI
38%
ALL PALLADINO ITALIA MONZA
38%
CC FRENDRUP DANIMARCA GENOA
37%
DC DE WINTER BELGIO GENOA
36%
ALL JURIC SERBIA TORINO
36%
CC ARTHUR BRASILE FIORENTINA
35%
ALL DI FRANCESCO ITALIA FROSINONE
35%
DC RODRIGUEZ SVIZZERA TORINO
35%
ATT JORGE BRASILE FROSINONE
34%
CC ZURKOWSKI POLONIA EMPOLI
34%
POR MONTIPO ITALIA VERONA
33%
POR SILVESTRI ITALIA UDINESE
33%
COC VLASIC CROAZIA TORINO
33%
CC BARRENECHEA ARGENTINA FROSINONE
32%
DC ISMAJLI ALBANESE EMPOLI
32%
TS KRISTIANSEN DANIMARCA BOLOGNA
32%
DC KRISTIANSEN DANIMARCA UDINESE
32%
CC MALEH MAROCCO EMPOLI
32%
COC MALINOVSKYI UCRAINA GENOA
32%
ALL NICOLA ITALIA EMPOLI
32%
ALL CALZONA ITALIA NAPOLI
31%
AS CANDREVA ITALIA SALERNITANA
31%
ALL GILARDINO ITALIA GENOA
31%
TS LAZARO AUSTRIA TORINO
31%
DC PONGRACIC CROAZIA LECCE
31%
TS AUGELLO ITALIA CAGLIARI
30%
DC DOSSENA ITALIA CAGLIARI
30%
TD KAYODE ITALIA FIORENTINA
30%
AD ALMQVIST SVEZIA LECCE
29%
CC BADELJ CROAZIA GENOA
29%
DC BANI ITALIA GENOA
29%
DC BOATENG GERMANIA SALERNITANA
29%
DC FAZIO ARGENTINA SALERNITANA
29%
COC HARROUI MAROCCO FROSINONE
29%
AD KASTANOS CIPRO SALERNITANA
29%
COC PEREYRA ARGENTINA UDINESE
29%
COC VIOLA ITALIA CAGLIARI
29%
ALL BARONI ITALIA VERONA
28%
DC CALDIROLA ITALIA MONZA
27%
ATT CAMBIAGHI ITALIA EMPOLI
26%
CC ILIC SERBIA TORINO
26%
CC MAKOUMBOU CONGO CAGLIARI
26%
CC RAMADANI ALBANIA LECCE
26%
CC FAZZINI ITALIA EMPOLI
25%
DC FERRARI ITALIA SASSUOLO
24%
CC STROOTMAN OLANDA GENOA
24%
TS TOLJAN GERMANIA SASSUOLO
24%
TS BRADARIC CROAZIA SALERNITANA
23%
ALL D'AVERSA ITALIA LECCE
23%
TD EBUEHI NIGERIA EMPOLI
23%
TD GENDREY FRANCIA LECCE
23%
CC MAZZITELLI ITALIA FROSINONE
23%
DC OKOLI ITALIA FROSINONE
23%
TD EBOSELE IRLANDA UDINESE
22%
AS LAZOVIC SERBIA VERONA
22%
CC MAGGIORE ITALIA SALERNITANA
22%
CC RAFIA TUNISIA LECCE
22%
TD D'AMBROSIO ITALIA MONZA
21%
CC GAGLIARDINI ITALIA MONZA
21%
DC HUIJSEN OLANDA ROMA
21%
DC CARBONI ITALIA MONZA
20%
CC PRATI ITALIA CAGLIARI
20%
TD SABELLI ITALIA GENOA
20%
CC BOLOCA ROMANIA SASSUOLO
19%
ALL CIOFFI ITALIA UDINESE
19%
AS CANCELLIERI ITALIA EMPOLI
18%
TS CIURRIA ITALIA MONZA
18%
DC ERLIC CROAZIA SASSUOLO
18%
TS KAMARA COSTA D'AVORIO UDINESE
18%
CC PAYERO ARGENTINA UDINESE
18%
TD PEDERSEN NORVEGIA SASSUOLO
18%
DC PEREZ ARGENTINA UDINESE
18%
COC THORSTVEDT NORVEGIA SASSUOLO
18%
DC DAWIDOWICZ POLONIA VERONA
17%
CC HENRIQUE BRASILE SASSUOLO
17%
CC RICCI SVIZZERA TORINO
17%
AD SUSLOV SLOVACCHIA VERONA
17%
TS CABAL COLOMBIA VERONA
15%
CC DUDA SLOVACCHIA VERONA
15%
DC GOLDANIGA ITALIA CAGLIARI
14%
TS MONTERISI ITALIA FROSINONE
14%
CC WALACE BRASILE UDINESE
14%
TD ZANOLI ITALIA SALERNITANA
14%
AS SECK SENEGAL FROSINONE
13%
ES AZZI ITALIA CAGLIARI
12%
CC BLIN FRANCESE LECCE
12%
ALL LIVERANI ITALIA SALERNITANA
12%
ATT NOSLIN OLANDA VERONA
12%
CC LEGOWSKI POLONIA SALERNITANA
11%
DC TAMEZE FRANCIA TORINO
11%
DC LOVATO ITALIA SALERNITANA
10%
DC MAGNANI ITALIA VERONA
10%
CC SAMARZIC SERBIA UDINESE
10%
COC FOLORUNSHO NIGERIA VERONA
8%
DC FERREIRA PORTOGALLO UDINESE
7%
TD GELLI ITALIA FROSINONE
7%
TD TCHATCHOUA BELGIO VERONA
6%
CC SILVA PORTOGALLO VERONA
5%
Nessun quiz corrispondente trovato
Distribuzione punteggi
Percentuale di utenti per punteggio
Percentile per numero di risposta
I tuoi punteggi nel tempo
Non hai fatto questo quiz